01506pab a2200145 454500008004000000100001700040245007600057260000900133300001500142362000800157520108000165650003801245650002601283773005101309180718b2011 xxu||||| |||| 00| 0 eng d aKeast, Robyn aJoined - up governance in Australia: How the past can inform the future c2011 ap.221-231. aMar aJoined-up enterprises have become a cornerstone of the institutional architecture to facilitate closer linkages within and between departments and across sectors. Some of these initiatives are now mainstream enterprises, while others struggled to gain purchase or effect. Since the future is likely to be characterized by an ongoing emphasis on joined-up initiatives, an assessment of past efforts can provide a valuable backdrop for the development of new approaches and the fine tuning of existing ones. Drawing on ten years of research data, this article tracks the ebbs and flows of joined-up or integrated practice in Queensland. In doing so, it examines the drivers for integration, preferred models, and the language used to engender change. It also assesses what has worked and why and whether integrated reform has been sustained. Based on these insights, an extended integration framework is presented, which will assist those responsible for the design, monitoring, and evaluation of joined-up processes. - Reproduced. aPublic administration - Australia aPublic administration aInternational Journal of Public Administration